Speed ​​Test-Mathematics-Addition-The Times Lefting - Statistics

General Stats
  • This quiz has been taken 75 times
    63 since last reset
  • The average score is 7 of 10
Answer Stats
Addition Answer % Correct
999+1 1 000
88%
85+15 100
84%
0+1 1
83%
1+1+1+1 4
83%
5+495 500
83%
500 000+500 000 1 000 000
82%
56+45 101
79%
1 050+6 900 7 950
75%
45+155 200
74%
89+31 120
70%
999 999 999+1 1 000 000 000
69%
78+26 104
69%
25+25 50
68%
566+134 700
68%
32+68 100
67%
50 601+10 399 61 000
38%
No matching quizzes found
Score Distribution
Percent of People with Each Score
Percentile by Number Answered
Your Score History
You have not taken this quiz since the last reset